Germans that won the CL - Statistics

General Stats
  • This quiz has been taken 70 times
  • The average score is 20 of 48
Answer Stats
Club Player % Correct
Real MadridBayern Munich Toni Kroos
98%
Real MadridChelsea Antonio Rüdiger
95%
Man City Ilkay Gündogan
95%
Bayern Munich Manuel Neuer
91%
Chelsea Kai Havertz
89%
Bayern Munich Thomas Müller
89%
Bayern Munich Joshua Kimmich
88%
Bayern Munich Leon Goretzka
83%
Barcelona Marc-Andre ter Stegen
82%
Bayern Munich Philipp Lahm
82%
Chelsea Timo Werner
74%
Bayern Munich Bastian Schweinsteiger
72%
Bayern Munich Serge Gnabry
72%
Bayern Munich Jerome Boateng
69%
Man City Stefan Moreno Ortega
65%
Bayern Munich Oliver Kahn
58%
Borussia Dortmund Stefan Klos
54%
Borussia Dortmund Matthias Sammer
52%
Real Madrid Sami Khedira
52%
Borussia Dortmund Lars Ricken
48%
Bayern Munich Mario Gomez
48%
Bayern Munich Sven Ulreich
48%
Bayern Munich Niklas Süle
46%
Bayern Munich Emre Can
40%
Liverpool Dietmar Hamann
37%
Marseille Rudolf Völler
34%
Bayern Munich Holger Badstuber
31%
Bayern Munich Stefan Effenberg
29%
Borussia Dortmund Jürgen Kohler
26%
Borussia Dortmund Karl-Heinz Riedle
20%
Borussia Dortmund Andreas Möller
18%
Borussia Dortmund Stefan Reuter
18%
Bayern Munich Mehmet Scholl
17%
Real Madrid Bodo Illgner
15%
Bayern Munich Thomas Linke
15%
Bayern Munich Carsten Jancker
14%
Bayern Munich Alexander Zickler
11%
Borussia Dortmund Heiko Herrlich
9%
Bayern Munich Ron-Thorben Hoffmann
9%
Bayern Munich Tom Starke
9%
Borussia Dortmund Jörg Heinrich
8%
Bayern Munich Thomas Strunz
8%
Bayern Munich Bernd Dreher
6%
Borussia Dortmund Martin Kree
5%
Bayern Munich Michael Wiesinger
5%
Borussia Dortmund Rene Tretschok
3%
Bayern Munich Stefan Wessels
3%
Borussia Dortmund Wolfgang de Beer
3%
No matching quizzes found
Score Distribution
Percent of People with Each Score
Percentile by Number Answered
Your Score History
You have not taken this quiz